000 00416nam a2200157Ia 4500
008 221030s9999 xx 000 0 und d
041 _aEnglish
082 _a105.23
_bSin
100 _aB. P. Singh
245 0 _aBusiness Organisaiton & Management
_cby B. P. Singh, T. N. Chhabra
260 _bDhanpat Rai Pub
_aNew Delhi
_c2002
300 _a848
650 _aBE Management
700 _aT. N. Chhabra
942 _cBK
999 _c3276
_d3276